000 003270000a22001450004500
005 20120302064216.0
942 _cBOOK
100 _a Parker,Julia & Derek
245 _a The secret world of your dreams
250 _a 1st
260 _aLondon:Judy piatkus ltd.,1994.
300 _a238p.
040 _aEng
650 _aDreams
999 _c361564
_d361561